| 000 | 00371nam a2200121 4500 | ||
|---|---|---|---|
| 999 |
_c10148 _d10148 |
||
| 008 | 180803b ||||| |||| 00| 0 eng d | ||
| 100 |
_929948 _aLim, Ramon M. |
||
| 245 |
_aFast-food choices influence kid's soda, calorie consumption/ _cRamon M. Lim |
||
| 260 |
_aPhilippines _bThe Philippine Star _cc2016 |
||
| 300 | _apage 21. | ||
| 650 | 0 |
_929949 _aFood. |
|
| 942 |
_2ddc _cPER |
||